000
00338nam a22001457a 4500
003
OSt
008
240507b |||||||| |||| 00| 0 eng d
020
_a
9789353509019
082
_a
153.35 AGD
100
_a
AGARWAL, Anuja
245
_a
Design Tinking
260
_a
New Delhi
_b
Cengage
_c
2024
300
_a
xvi,11.14,1.6
942
_2
ddc
_c
BK
999
_c
12638
_d
12638